000
00223nam a22001217a 4500
040
_c
SY
082
_a
631
100
_a
D.B.DAVIES
245
_a
Soil management
260
_a
RUA
_b
DAV
_c
1993
300
_a
280p.
942
_c
EK
999
_c
9517
_d
9517